01481nam a2200277 a 450000100100000000500170001000800410002704000130006808200250008110000350010624501060014126000360024730000280028350400320031150504380034359000270078165000280080865000400083665000450087665000370092165000290095865000380098791000410102595201220106699900150118800000758020260202091015.0090909s1989 dr 000 0 spa d aDO-SdBNP a658.3145bO96h, 19891 aOvalle, Lucía,d1975-92103310aHacia una comprensión de las relaciones humanas :bsu aplicación en el trabajo /cLucía Ovalle. aSanto Domingo :bTaller,c1989. a150 p. :bil. ;c20 cm. aBibliografía : p. 149-1502 aDedicatoria -- Reconocimientos -- Introducción -- Relaciones humanas -- La personalidad y el conocimiento del yo -- La motivación y la conducta -- La comunicación -- La retroalimentación -- Conflicto y frustración -- La autoridad -- Trabajo en equipo -- El cambio -- Principales problemas de las relaciones humanas -- Principios generales para lograr adecuadas relaciones -- Actitudes que favorecen las relaciones humanas . aInventariado, 2018/ YL 0aRelaciones humanas9606 4aComunicación interpersonal921034 4aConducta competitiva del personal921035 4aMotivación del empleado921036 4aTrabajo en equipo921037 4aConflictos interpersonales921038 aValidado. Control de calidad MMOLINA 0010718PDaPDbPDcHDd2009-09-09iLF1l0o658.3145 O96h, 1989p7580-10r2020-06-25w2020-06-25yLFPDZNo se presta c7360d7360